[Event "Nationale I Jeune, Vandoeuvre"]
[Site "?"]
[Date "1998.??.??"]
[Round "?"]
[White "Gering, Adrien"]
[Black "Agrech, Pierre"]
[Result "0-1"]
[WhiteElo "2730"]
[BlackElo "2720"]
[PlyCount "62"]
[EventDate "1998.??.??"]
[Source "www.chesslib.no"]
[SourceDate "2004.05.04"]

1. e4 c5 2. Nf3 d6 3. Bc4 Nf6 4. Nc3 g6 5. d3 Bg7 6. Bg5 Nc6 7. Qd2 O-O 8. O-O-O Bd7 9. Bh6 Bg4 10. Bxg7 Kxg7 11. Qg5 Nd4 12. Qf4 e5 13. Qg3 Bxf3 14. gxf3 a6 15. h4 b5 16. Bd5 Nxd5 17. exd5 b4 18. Kd2 bxc3+ 19. bxc3 Nf5 20. Qg4 h5 21. f4 hxg4 22. h5 Nh4 23. hxg6 fxg6 24. Rdg1 Nf3+ 25. Kd1 Nxg1 26. Rxg1 Qh4 27. Ke2 exf4 28. Kf1 g3 29. f3 Qh2 30. Rg2 Rh8 31. Rg1 Qf2# 0-1

[Event "Monte Carlo MNC"]
[Site "?"]
[Date "2005.03.25"]
[Round "6"]
[White "Svidler Peter"]
[Black "Vallejo Pons Francisco"]
[Result "1/2-1/2"]
[WhiteElo "2735"]
[BlackElo "2686"]
[PlyCount "256"]
[EventDate "2005.??.??"]
[Source "www.chesslib.no"]
[SourceDate "2004.05.04"]

1. e4 c5 2. Nf3 d6 3. c3 Nf6 4. Bd3 Bg4 5. h3 Bxf3 6. Qxf3 Nc6 7. O-O Nd7 8. Bb5 g6 9. Rd1 Bg7 10. Na3 O-O 11. Bxc6 Ne5 12. Qe3 Nxc6 13. d4 cxd4 14. cxd4 Qb6 15. Nc4 Qa6 16. b3 Rad8 17. Na3 d5 18. e5 f6 19. exf6 exf6 20. Nc2 Rfe8 21. Qf3 Re4 22. a4 f5 23. Bb2 Qe2 24. Qc3 Rde8 25. Re1 Qa6 26. Rxe4 dxe4 27. b4 Qd3 28. b5 Qxc3 29. Bxc3 Ne7 30. Nb4 Rc8 31. Be1 Bxd4 32. Rd1 Rc4 33. a5 Kf7 34. Nc2 Rxc2 35. Rxd4 Ke6 36. Rd8 Rc8 37. Rd1 Nd5 38. Bd2 Rc5 39. a6 b6 40. Rb1 Nc7 41. Bf4 Rxb5 42. Rc1 Nxa6 43. Rc6+ Kd7 44. Rf6 Ke7 45. Bg5 Kd7 46. Rf7+ Kc6 47. Rxh7 Rd5 48. Rg7 Rd6 49. Bf4 Re6 50. Rxa7 Nc5 51. g3 Nd3 52. Be3 Ne5 53. Kf1 Nc4 54. Bf4 b5 55. Rc7+ Kb6 56. Rc8 Rc6 57. Rb8+ Ka5 58. Ke2 Ka4 59. g4 fxg4 60. hxg4 b4 61. Ra8+ Kb5 62. Bh6 b3 63. Bg7 Rb6 64. Re8 Rb7 65. Bc3 Kc5 66. Rxe4 b2 67. Bxb2 Rxb2+ 68. Kd3 Rb3+ 69. Ke2 Rb2+ 70. Kd3 Rb3+ 71. Ke2 Kd5 72. Rf4 Ne5 73. f3 Rb2+ 74. Ke3 Rb3+ 75. Ke2 Ke6 76. Rf8 Ke7 77. Rf4 Rb2+ 78. Ke3 Rb5 79. Ke2 Rb8 80. Re4 Kf6 81. Kf2 g5 82. Re3 Ng6 83. Kg3 Rd8 84. Ra3 Rd6 85. Rb3 Nf4 86. Ra3 Rd5 87. Ra4 Rc5 88. Rb4 Rc1 89. Rb6+ Ne6 90. Ra6 Ke5 91. Ra4 Rc2 92. Ra5+ Kd4 93. Ra4+ Kd3 94. Ra3+ Rc3 95. Ra5 Ke2 96. Ra2+ Ke3 97. Ra5 Rc5 98. Ra3+ Kd2 99. Ra2+ Rc2 100. Ra5 Ke1 101. Ra1+ Ke2 102. Ra5 Rc3 103. Ra2+ Ke3 104. Ra5 Nc5 105. Ra8 Nd3 106. Re8+ Kd2 107. Rg8 Rc5 108. Rd8 Ke2 109. Re8+ Kd2 110. Rd8 Re5 111. Ra8 Re1 112. Rd8 Ke2 113. Re8+ Kf1 114. Rg8 Re5 115. Ra8 Re2 116. Ra1+ Ne1 117. Ra3 Rf2 118. Rb3 Kg1 119. Rc3 Rf1 120. Ra3 Ng2 121. Ra5 Ne1 122. Rx 5 Rxf3+ 123. Kh4 Kg2 124. Rf5 Rh3+ 125. Kg5 Nf3+ 126. Kf6 Rh6+ 127. Kg7 Rh4 128. g5 Nxg5 1/2-1/2

[Event "Hoogovens, aan"]
[Site "?"]
[Date "1998.??.??"]
[Round "6"]
[White "Adams Michael"]
[Black "Gelfand Boris"]
[Result "1/2-1/2"]
[WhiteElo "2670"]
[BlackElo "2675"]
[PlyCount "38"]
[EventDate "1998.??.??"]
[Source "www.chesslib.no"]
[SourceDate "2004.05.04"]

1. e4 c5 2. Nf3 d6 3. c3 Nf6 4. Be2 Bd7 5. Qc2 Qc7 6. O-O g6 7. d4 cxd4 8. Nxd4 Nc6 9. Be3 d5 10. Qc1 Qd8 11. Bb5 Qb6 12. Nd2 Nd8 13. Bc4 Nxe4 14. g4 Rc8 15. N2f3 Ng5 16. Kh1 Qa6 17. Nb5 f5 18. Qb1 Nde6 19. Nh4 Nd4 1/2-1/2

[Event "PCA"]
[Site "New York PCA"]
[Date "1994.??.??"]
[Round "?"]
[White "Kramnik, Vladimir"]
[Black "Polgar, Judit"]
[Result "1-0"]
[WhiteElo "2710"]
[BlackElo "2630"]
[PlyCount "51"]
[EventDate "1994.??.??"]
[Source "www.chesslib.no"]
[SourceDate "2004.05.04"]

1. e4 c5 2. Nf3 e6 3. b3 Nc6 4. Bb2 d6 5. d4 cxd4 6. Nxd4 Nf6 7. Bd3 d5 8. Nxc6 bxc6 9. Nd2 Qc7 10. Qe2 Be7 11. O-O O-O 12. c4 Rd8 13. Rfc1 Qa5 14. Bc3 Qb6 15. cxd5 cxd5 16. e5 Nd7 17. Nf3 a5 18. Bd4 Qb4 19. Rc7 a4 20. bxa4 Qxa4 21. Bb5 Qa5 22. Rac1 Qb6 23. Rf1 Qb7 24. Ba4 Qa6 25. Rc5 Qb5 26. Rxd5 1-0

[Event "FIDE GP"]
[Site "Moscow"]
[Date "2002.06.03"]
[Round "3.2"]
[White "Akopian, Vladimir"]
[Black "Sutovsky, Emil"]
[Result "1-0"]
[WhiteElo "2678"]
[BlackElo "2660"]
[PlyCount "61"]
[EventDate "2002.06.01"]
[Source "ChessBase"]
[SourceDate "2002.09.20"]

1. e4 c5 2. Nf3 d6 3. c3 Nf6 4. Bd3 Nc6 5. Bc2 Bg4 6. d3 g6 7. Nbd2 Bg7 8. h3 Bd7 9. O-O O-O 10. Re1 b5 11. d4 cxd4 12. cxd4 Nh5 13. d5 Nb4 14. Bb1 a5 15. a3 Na6 16. Nb3 a4 17. Nbd4 Nf6 18. Ba2 b4 19. Bc4 Qc8 20. Qe2 Qb7 21. e5 dxe5 22. Nxe5 Nxd5 23. Bxa6 Rxa6 24. Nxd7 Qxd7 25. Qxa6 Bxd4 26. axb4 Nxb4 27. Qxa4 Qd6 28. Be3 Bxb2 29. Rad1 Qb8 30. Bd4 Bxd4 31. Rxd4 1-0

[Event "Mind Sports Games - Blitz Ind"]
[Site "Pechino CINA"]
[Date "2008.10.04"]
[Round "2"]
[White "Balogh, C."]
[Black "Bu Xiangzhi"]
[Result "1/2-1/2"]
[WhiteElo "2616"]
[BlackElo "2714"]
[PlyCount "46"]
[EventDate "2008.10.04"]
[Source "www.chesslib.no"]
[SourceDate "2004.05.04"]

1. e4 c5 2. Nf3 d6 3. Nd4 Nf6 4. Nc3 a6 5. Nf3 e5 6. Bc4 Be7 7. O-O O-O 8. Be6 Nc6 9. Nd5 Nd7 10. Qe2 Nf6 11. c3 Qc7 12. Nxe7+ Nxe7 13. Bd5 Nfxd5 14. exd5 Nxd5 15. Rd1 Nb6 16. Qxe5 dxe5 17. Nxe5 f6 18. Nf3 Nc4 19. Nd4 Rd8 20. a3 b5 21. f3 b4 22. axb4 cxb4 23. Kf2 Rxd4 1/2-1/2

[Event "Skolernes Skakklub, Aarhus DEN"]
[Site "?"]
[Date "1997.??.??"]
[Round "?"]
[White "Adams Michael"]
[Black "Khalifman Alexander"]
[Result "0-1"]
[WhiteElo "2665"]
[BlackElo "2650"]
[PlyCount "62"]
[EventDate "1997.??.??"]
[Source "www.chesslib.no"]
[SourceDate "2004.05.04"]

1. e4 c5 2. Nf3 d6 3. Bc4 Nf6 4. d3 Nc6 5. Nbd2 g6 6. a3 Bg7 7. O-O O-O 8. Ba2 b5 9. Re1 Rb8 10. c3 a5 11. d4 cxd4 12. cxd4 Qb6 13. Nf1 Bg4 14. Be3 Bxf3 15. gxf3 Qb7 16. Ng3 a4 17. f4 Na5 18. Be6 Nc4 19. Qc2 Qa6 20. Red1 Bh6 21. d5 Kg7 22. Bxf7 Nd2 23. Qc3 Qb6 24. Rdc1 Qc7 25. Ba7 Nc4 26. b3 Rbc8 27. Rd1 Ne3 28. Bb6 axb3 29. Rd3 b2 30. Bxc7 b1=B 31. Rd2 Nc2 0-1

[Event "RUS"]
[Site "?"]
[Date "2006.04.26"]
[Round "7"]
[White "Najer Evgeniy"]
[Black "Efimenko Zahar"]
[Result "1/2-1/2"]
[WhiteElo "2653"]
[BlackElo "2662"]
[PlyCount "160"]
[EventDate "2006.??.??"]
[Source "www.chesslib.no"]
[SourceDate "2004.05.04"]

1. e4 c5 2. Nf3 d6 3. Bc4 Nf6 4. d3 Nc6 5. Bb3 Bg4 6. c3 e6 7. Nbd2 Be7 8. h3 Bh5 9. g4 Bg6 10. Nh4 d5 11. Nxg6 hxg6 12. g5 Nh5 13. Nf3 dxe4 14. dxe4 Qc7 15. Rg1 Bd6 16. Rg4 O-O-O 17. Qe2 Bf4 18. Be3 Bxe3 19. Qxe3 e5 20. Bd5 Nf4 21. O-O-O Rxh3 22. Rg3 Rhh8 23. Kb1 Qe7 24. Rgg1 Kc7 25. a3 Rd7 26. Ka2 Rhd8 27. c4 Rh8 28. Rg3 a6 29. Rc1 Nd4 30. Nxd4 cxd4 31. Qd2 Kb8 32. Rb3 Qc5 33. Rb4 Ka7 34. Qd1 d3 35. Rc3 Rc8 36. Qd2 Rcc7 37. Rcb3 Qd4 38. Kb1 f6 39. Ka2 Nxd5 40. cxd5 Rc2 41. Qd1 Qxf2 42. Rxd3 f5 43. Rf3 Qc5 44. exf5 e4 45. Rxe4 Rxd5 46. Rd3 Rxd3 47. Qxd3 gxf5 48. Rb4 g6 49. Qb3 Qc6 50. Rxb7+ Qxb7 51. Qxc2 Qd5+ 52. Ka1 Kb7 53. Qc3 Qd1+ 54. Ka2 Qd6 55. Qb3+ Kc7 56. Qf7+ Kb6 57. Qc4 f4 58. Qe4 Kc7 59. Qc4+ Kb7 60. Qb3+ Ka7 61. Qc4 Kb6 62. Qe4 a5 63. Kb1 Kb5 64. Qb7+ Kc4 65. Qe4+ Kb5 66. Qb7+ Kc5 67. b4+ Kc4 68. bxa5 Qd1+ 69. Kb2 Qe2+ 70. Kc1 Qe1+ 71. Kc2 Qe2+ 72. Kc1 f3 73. Qb4+ Kd3 74. Qb5+ Kc3 75. Qb4+ Kd3 76. Qb5+ Ke3 77. Qe5+ Kf2 78. Qh2+ Ke3 79. Qe5+ Kf2 80. Qh2+ Ke3 1/2-1/2

[Event "Russie (championnat equipes)"]
[Site "?"]
[Date "2004.04.??"]
[Round "4"]
[White "Najer Evgeniy"]
[Black "Gelfand Boris"]
[Result "1/2-1/2"]
[WhiteElo "2602"]
[BlackElo "2709"]
[PlyCount "109"]
[EventDate "2004.??.??"]
[Source "www.chesslib.no"]
[SourceDate "2004.05.04"]

1. e4 c5 2. Nc3 d6 3. Nf3 e5 4. Nd5 Be7 5. g3 Nf6 6. Nxe7 Qxe7 7. d3 Nc6 8. Bg2 Nd4 9. h3 Nxf3+ 10. Qxf3 Be6 11. c4 Nd7 12. O-O Nb8 13. Qd1 O-O 14. f4 exf4 15. gxf4 f5 16. Re1 Qd7 17. Kh2 Nc6 18. b3 Rf6 19. Be3 Raf8 20. Qf3 Nb4 21. e5 Rg6 22. Qxb7 Qd8 23. exd6 Qxd6 24. Re2 Qxd3 25. Qf3 Nc2 26. Rf1 Nd4 27. Bxd4 Qxd4 28. Qe3 Rd8 29. Rff2 Qxe3 30. Rxe3 Kf8 31. Re5 Rc8 32. Rfe2 Bd7 33. Re7 Re8 34. Rxe8+ Bxe8 35. Re5 Ra6 36. Rxf5+ Ke7 37. Re5+ Kd8 38. Rd5+ Ke7 39. Rxc5 Rxa2 40. Rc7+ Kf6 41. Kg3 Rb2 42. Rxa7 Rxb3+ 43. Kf2 Rb2+ 44. Kf1 Rc2 45. Bd5 Bg6 46. Ke1 Bf5 47. h4 Rh2 48. c5 Rxh4 49. c6 Rxf4 50. Rf7+ Ke5 51. c7 Bc8 52. Rxg7 Kxd5 53. Rg8 Ba6 54. c8=Q Bxc8 55. Rxc8 1/2-1/2

[Event "Amsterdam (Euwe Memorial)"]
[Site "?"]
[Date "1988.??.??"]
[Round "?"]
[White "Ljubojevic, Lj"]
[Black "Timman, J."]
[Result "1-0"]
[WhiteElo "2610"]
[BlackElo "2675"]
[PlyCount "55"]
[EventDate "1988.??.??"]
[Source "ChessBase"]
[SourceDate "1988.01.01"]

1. e4 c5 2. Nf3 e6 3. Nc3 d6 4. d4 cxd4 5. Qxd4 Nc6 6. Bb5 Bd7 7. Qd3 Nf6 8. Bf4 a6 9. Bxc6 Bxc6 10. O-O-O Be7 11. Rhe1 Qb6 12. Bxd6 O-O-O 13. e5 Ne8 14. Nd5 Bxd5 15. Bxe7 Rd7 16. Qa3 Qxf2 17. Rd2 Qb6 18. Nd4 f6 19. Bc5 Qc7 20. c4 Bxc4 21. Rc2 fxe5 22. Nxe6 Qc6 23. Rxe5 Nc7 24. Rxc4 Nxe6 25. Qh3 Nc7 26. b3 Qf6 27. Bd4 Rhd8 28. Rxc7+ 1-0

[Event "Reykjavik ISL"]
[Site "Reykjavik ISL"]
[Date "1991.??.??"]
[Round "7"]
[White "Timman, Jan Hein"]
[Black "Ehlvest, Jaan"]
[Result "1/2-1/2"]
[WhiteElo "2630"]
[BlackElo "2650"]
[PlyCount "110"]
[EventDate "1991.??.??"]
[Source "www.chesslib.no"]
[SourceDate "2004.05.04"]

1. e4 c5 2. Nc3 e6 3. Nf3 d6 4. g3 Nc6 5. Bg2 Nf6 6. O-O Be7 7. d3 O-O 8. Bf4 Bd7 9. h3 Rc8 10. Be3 Re8 11. Ne2 Qc7 12. Nd2 d5 13. f4 dxe4 14. dxe4 Rcd8 15. c4 Bc8 16. Nc3 Nd4 17. Rc1 Nd7 18. a3 Nb8 19. Kh2 Nbc6 20. e5 Nf5 21. Bf2 Ncd4 22. Qe1 h5 23. Nce4 b6 24. Qd1 g6 25. g4 hxg4 26. hxg4 Nh4 27. Bxh4 Bxh4 28. Nd6 Rxd6 29. exd6 Qxd6 30. Ne4 Qc7 31. Rc3 Be7 32. Kg1 Rd8 33. Qe1 Bb7 34. Rh3 Kg7 35. Qe3 f5 36. gxf5 Nxf5 37. Qe2 Rd4 38. Ng5 Bxg5 39. fxg5 Bxg2 40. Qxg2 Rxc4 41. Qa8 Rh4 42. Rxh4 Qg3+ 43. Qg2 Qxh4 44. Qb7+ Kg8 45. Qb8+ Kf7 46. Qxa7+ Ke8 47. Qb8+ Kd7 48. Qb7+ Ke8 49. Qc8+ Ke7 50. Qc7+ Ke8 51. Qf4 Kd7 52. b4 e5 53. Qd2+ Kc6 54. b5+ Kxb5 55. Qd7+ Ka6 1/2-1/2

[Event "Moscow RUS"]
[Site "?"]
[Date "2004.02.18"]
[Round "2"]
[White "Kotsur Pavel"]
[Black "Sakaev Konstantin"]
[Result "0-1"]
[WhiteElo "2598"]
[BlackElo "2669"]
[PlyCount "88"]
[EventDate "2004.??.??"]
[Source "www.chesslib.no"]
[SourceDate "2004.05.04"]

1. e4 c5 2. Nc3 d6 3. Nf3 Nf6 4. e5 dxe5 5. Nxe5 a6 6. a4 Qc7 7. Nc4 Nc6 8. d3 Be6 9. Ne3 Rd8 10. Bd2 g6 11. g3 h5 12. Bg2 h4 13. O-O Bg7 14. Re1 Qd7 15. a5 hxg3 16. hxg3 Bh3 17. Bh1 Bg4 18. Nxg4 Nxg4 19. Bg2 Bd4 20. Ne4 Qf5 21. Qe2 Rh2 22. Bg5 Kf8 23. c3 Kg7 24. Qf3 Rdh8 25. Qxf5 gxf5 26. cxd4 fxe4 27. Rxe4 f5 28. Rxg4 fxg4 29. Bh4 Rxg2+ 30. Kxg2 cxd4 31. Re1 Kf7 32. Re4 Rg8 33. f3 gxf3+ 34. Kxf3 e5 35. g4 Ke6 36. Bg3 Rf8+ 37. Ke2 Rd8 38. b4 Rd5 39. Be1 Rb5 40. Kf3 Nxb4 41. Bxb4 Rxb4 42. g5 Rb3 43. Ke2 Rb2+ 44. Kf1 Rb5 0-1

[Event "60th ch-RUS Higher League"]
[Site "Krasnoyarsk RUS"]
[Date "2007.09.09"]
[Round "6"]
[White "Zvjaginsev, V."]
[Black "Amonatov, F."]
[Result "1/2-1/2"]
[WhiteElo "2658"]
[BlackElo "2598"]
[PlyCount "27"]
[EventDate "2007.09.03"]
[Source "www.chesslib.no"]
[SourceDate "2004.05.04"]

1. e4 c5 2. Nf3 d6 3. c3 Nf6 4. h3 g6 5. Bd3 Bg7 6. Bc2 O-O 7. O-O Nc6 8. Re1 b5 9. d4 cxd4 10. cxd4 Bb7 11. a3 e5 12. Nc3 a6 13. Be3 exd4 14. Nxd4 1/2-1/2